15 principales países afectados por Covid19; 17 de deciembre - Estadísticas

Estadísticas generales
  • Esta prueba ha sido intentada 24 veces
  • La puntuación promedio es 15 de 28
Estadísticas de respuestas
país % Correcto
España
95%
Argentina
91%
Brasil
91%
Estados Unidos
91%
Italia
91%
Rusia
91%
Francia
86%
India
86%
Colombia
82%
México
82%
Reino Unido
82%
Alemania
77%
Irán
68%
Turquía
68%
Polonia
64%
Suiza
45%
Bélgica
36%
Países Bajos
32%
Croacia
23%
Eslovenia
23%
Israel
23%
Panamá
23%
Chequia
14%
Armenia
9%
Baréin
9%
Catar
9%
Lituania
5%
Georgia
0%
No se encontraron pruebas coincidentes
Distribución de puntuación
Porcentaje de gente con cada puntuación
Porcentaje por número respondido
Historial de tus puntuaciones
No has intentado esta prueba.